LEADER 01595nam0 22003853i 450 001 VAN00284743 005 20251118090031.289 017 70$2N$a9783319205625 100 $a20250115d2016 |0itac50 ba 101 $aeng 102 $aCH 105 $a|||| ||||| 181 $ai$b e 182 $ab 183 $acr 200 1 $aCrop Systems Biology$eNarrowing the gaps between crop modelling and genetics$feditors Xinyou Yin, Paul C. Struik 210 $aCham$cSpringer$d2016 215 $aXI, 233 p.$cill.$d24 cm 620 $aCH$dCham$3VANL001889 676 $a630$cAgricoltura e tecnologie connesse$v22 676 $a571.2$cFisiologia vegetale$v22 676 $a631.5$cGenetica agraria$v22 702 1$aStruik$bPaul C.$3VANV238629 702 1$aYin$bXinyou$3VANV238628 712 $aSpringer $3VANV108073$4650 790 1$aStruik, P.C.$zStruik, Paul C.$3VANV238630 790 1$aStruik, P. C.$zStruik, Paul C.$3VANV238631 801 $aIT$bSOL$c20251121$gRICA 856 4 $uhttps://link.springer.com/book/10.1007/978-3-319-20562-5$zE-book - Accesso al full-text attraverso riconoscimento IP di Ateneo, proxy e/o Shibboleth 899 $aBIBLIOTECA DEL DIPARTIMENTO DI SCIENZE E TECNOLOGIE AMBIENTALI BIOLOGICHE E FARMACEUTICHE$1IT-CE0101$2VAN17 912 $fN 912 $aVAN00284743 950 $aBIBLIOTECA DEL DIPARTIMENTO DI SCIENZE E TECNOLOGIE AMBIENTALI BIOLOGICHE E FARMACEUTICHE$d17CONS e-book 177 $e17BIB177/135 135 20250115 996 $aCrop Systems Biology$92494347 997 $aUNICAMPANIA